[Event "Kochan Memorial op 24th"]
[Site "Koszalin"]
[Date "2013.08.16"]
[Round "8"]
[White "Gajdamowicz, Patrick"]
[Black "Smolenski, Filip"]
[Result "1-0"]
[WhiteElo "1892"]
[BlackElo "1555"]
[PlyCount "71"]
[EventDate "2013.08.10"]
[EventType "swiss"]
[EventRounds "9"]
[EventCountry "POL"]
[SourceTitle "CBM 155 Extra"]
[Source "ChessBase"]
[SourceDate "2013.08.26"]
[SourceVersion "1"]
[SourceVersionDate "2013.08.26"]
[SourceQuality "1"]

1. d4 d5 2. c4 e6 3. Nc3 Nf6 4. Nf3 Be7 5. Bf4 c6 6. e3 Nbd7 7. Qc2 0-0 8. Bd3 dxc4 9. Bxc4 Nb6 10. Bb3 Nbd5 11. Bg3 b6 12. 0-0 Bb7 13. Rfd1 Qc8 14. e4 Nxc3 15. bxc3 c5 16. e5 Bxf3 17. gxf3 Nd5 18. Qd2 Rd8 19. c4 Nb4 20. d5 exd5 21. cxd5 c4 22. d6 a5 23. Ba4 Qb7 24. Qf4 Bf8 25. Qxc4 Qxf3 26. a3 Rac8 27. Qb5 Nc6 28. Qxb6 Nxe5 29. d7 Rb8 30. Qd4 f6 31. Qd5+ Qxd5 32. Rxd5 Rb2 33. Bxe5 fxe5 34. Rxe5 Kf7 35. Re8 Rbb8 36. Rc1 1-0

[Event "Kochan Memorial op 24th"]
[Site "Koszalin"]
[Date "2013.08.15"]
[Round "7"]
[White "Wacior, Maciej"]
[Black "Gajdamowicz, Patrick"]
[Result "1/2-1/2"]
[WhiteElo "1797"]
[BlackElo "1892"]
[PlyCount "36"]
[EventDate "2013.08.10"]
[EventType "swiss"]
[EventRounds "9"]
[EventCountry "POL"]
[SourceTitle "CBM 155 Extra"]
[Source "ChessBase"]
[SourceDate "2013.08.26"]
[SourceVersion "1"]
[SourceVersionDate "2013.08.26"]
[SourceQuality "1"]

1. d4 Nf6 2. Nf3 g6 3. Bg5 Bg7 4. e3 0-0 5. Bd3 d6 6. 0-0 Nbd7 7. c3 c6 8. Nbd2 Qc7 9. Qc2 Re8 10. Rfd1 e5 11. dxe5 dxe5 12. Bf1 Nc5 13. Bxf6 Bxf6 14. b4 Ne6 15. Nc4 Ng5 16. Nxg5 Bxg5 17. Nd6 Rd8 18. Nxc8 Raxc8 1/2-1/2

[Event "Kochan Memorial op 24th"]
[Site "Koszalin"]
[Date "2013.08.14"]
[Round "6"]
[White "Gajdamowicz, Patrick"]
[Black "Czajkowski, Adam"]
[Result "1/2-1/2"]
[WhiteElo "1892"]
[BlackElo "1933"]
[PlyCount "55"]
[EventDate "2013.08.10"]
[EventType "swiss"]
[EventRounds "9"]
[EventCountry "POL"]
[SourceTitle "CBM 155 Extra"]
[Source "ChessBase"]
[SourceDate "2013.08.26"]
[SourceVersion "1"]
[SourceVersionDate "2013.08.26"]
[SourceQuality "1"]

1. d4 Nf6 2. Nf3 c5 3. d5 d6 4. c4 e5 5. Nc3 Nbd7 6. e4 Be7 7. Be2 Nf8 8. Qd3 Ng6 9. h4 h5 10. Bg5 Ng4 11. g3 Bxg5 12. Nxg5 Bd7 13. f3 Nf6 14. 0-0-0 Qa5 15. Rdf1 a6 16. f4 Rb8 17. f5 Ne7 18. Ne6 fxe6 19. dxe6 Bc6 20. Qxd6 Rd8 21. Qxe5 Rd4 22. Rd1 Rxd1+ 23. Rxd1 0-0 24. Rg1 Nxe4 25. Nxe4 Rxf5 26. Qb8+ Rf8 27. Qe5 Rf5 28. Qb8+ 1/2-1/2

[Event "Kochan Memorial op 24th"]
[Site "Koszalin"]
[Date "2013.08.10"]
[Round "1"]
[White "Los, Kazimierz"]
[Black "Gajdamowicz, Patrick"]
[Result "0-1"]
[WhiteElo "1388"]
[BlackElo "1892"]
[PlyCount "116"]
[EventDate "2013.08.10"]
[EventType "swiss"]
[EventRounds "9"]
[EventCountry "POL"]
[SourceTitle "CBM 155 Extra"]
[Source "ChessBase"]
[SourceDate "2013.08.26"]
[SourceVersion "1"]
[SourceVersionDate "2013.08.26"]
[SourceQuality "1"]

1. d4 Nf6 2. Nf3 g6 3. Nc3 Bg7 4. e3 0-0 5. Bd3 d6 6. 0-0 c5 7. d5 a6 8. a4 Nbd7 9. b3 Nxd5 10. Nxd5 Bxa1 11. c3 e6 12. Bd2 exd5 13. Qxa1 Ne5 14. Be2 Be6 15. Qb2 b5 16. Nxe5 dxe5 17. axb5 axb5 18. Bxb5 Qb6 19. c4 dxc4 20. Qxe5 f6 21. Qxe6+ Qxe6 22. Bxc4 Qxc4 23. bxc4 Ra4 24. Rc1 Re8 25. f3 Rd8 26. Rc2 Rda8 27. Kf2 Ra2 28. Rxa2 Rxa2 29. Ke2 Kf7 30. h4 f5 31. g3 Ra4 32. Kd3 Ke6 33. f4 Ra1 34. Ke2 Ra3 35. Be1 h6 36. Bd2 Kf6 37. Be1 g5 38. hxg5+ hxg5 39. Bd2 Ra2 40. fxg5+ Kxg5 41. e4+ Kg4 42. exf5 Kxf5 43. Kd3 Ra3+ 44. Bc3 Kg4 45. Kd2 Kxg3 46. Be5+ Kf3 47. Bd6 Ra5 48. Kd3 Ra3+ 49. Kd2 Ra8 50. Bxc5 Rc8 51. Kd3 Rxc5 52. Kd4 Rc8 53. c5 Kf4 54. Kd5 Kf5 55. Kd6 Kf6 56. c6 Rd8+ 57. Kc7 Ke7 58. Kb7 Kd6 0-1

[Event "Wroclaw op 10"]
[Site "Wroclaw"]
[Date "2011.10.30"]
[Round "5"]
[White "Gajdamowicz, Patrick"]
[Black "Bes, Michal"]
[Result "1/2-1/2"]
[WhiteElo "1891"]
[BlackElo "1883"]
[PlyCount "53"]
[EventDate "2011.10.28"]
[EventType "swiss"]
[EventRounds "5"]
[EventCountry "POL"]
[SourceTitle "EXT 2013"]
[Source "ChessBase"]
[SourceDate "2012.11.22"]
[SourceVersion "1"]
[SourceVersionDate "2012.11.22"]
[SourceQuality "1"]

1. d4 d5 2. c4 c6 3. cxd5 cxd5 4. Nc3 Nc6 5. Nf3 Nf6 6. e3 e6 7. Bd3 Bd6 8. 0-0 0-0 9. Bd2 e5 10. dxe5 Nxe5 11. Be2 Nfg4 12. Nxe5 Nxe5 13. Nxd5 Qh4 14. f4 Ng4 15. Bxg4 Bxg4 16. Qe1 Qh5 17. e4 Rfe8 18. Nc3 Rad8 19. Be3 Qa5 20. Qg3 Be6 21. e5 Bc5 22. Ne4 Bxe3+ 23. Qxe3 Bf5 24. Qc5 Qxc5+ 25. Nxc5 Rd2 26. Rf2 Red8 27. Raf1 1/2-1/2

[Event "Poznan op 21th"]
[Site "Poznan"]
[Date "2011.08.10"]
[Round "5"]
[White "Gajdamowicz, Patrick"]
[Black "Przybylski, Wojciech"]
[Result "0-1"]
[WhiteElo "1903"]
[BlackElo "2356"]
[PlyCount "110"]
[EventDate "2011.08.06"]
[EventType "swiss"]
[EventRounds "9"]
[EventCountry "POL"]
[SourceTitle "CBM 143 Extra"]
[Source "ChessBase"]
[SourceDate "2011.08.29"]
[SourceVersion "1"]
[SourceVersionDate "2011.08.29"]
[SourceQuality "1"]

1. d4 Nf6 2. Nf3 e6 3. g3 c5 4. c4 cxd4 5. Nxd4 Nc6 6. Nxc6 bxc6 7. Bg2 Bb4+ 8. Nc3 0-0 9. 0-0 Ba6 10. Qb3 Qa5 11. Ne4 Nxe4 12. Bxe4 d5 13. Bd3 f5 14. a3 Be7 15. Qc2 c5 16. Bd2 Qd8 17. Rfd1 d4 18. e4 g6 19. f4 Qb6 20. b4 cxb4 21. exf5 b3 22. Qb2 gxf5 23. Bb4 Bc5 24. Bxc5 Qxc5 25. Qxb3 Qc6 26. Rab1 Rf7 27. Bf1 Rd8 28. Bg2 Qc5 29. Qb4 Rc7 30. Qxc5 Rxc5 31. Bf1 Bxc4 32. Rbc1 Bb3 33. Rxd4 Rxd4 34. Rxc5 Ra4 35. Rc6 Rxa3 36. Ra6 Rxa6 37. Bxa6 Kf7 38. Kf2 Ke7 39. Ke3 Kd6 40. Kd4 Bd5 41. h3 Bg2 42. h4 Bd5 43. Bb5 a5 44. Be2 a4 45. g4 a3 46. Kc3 a2 47. Kb2 fxg4 48. Bxg4 Ke7 49. h5 Kf6 50. Ka1 h6 51. Kb2 Ke7 52. Ka1 Kd6 53. Kb2 Bc4 54. f5 e5 55. f6 e4 0-1

[Event "Poznan op 21th"]
[Site "Poznan"]
[Date "2011.08.09"]
[Round "4"]
[White "Gajdamowicz, Patrick"]
[Black "Kowalewicz, Kacper"]
[Result "1-0"]
[WhiteElo "1903"]
[BlackElo "1667"]
[PlyCount "81"]
[EventDate "2011.08.06"]
[EventType "swiss"]
[EventRounds "9"]
[EventCountry "POL"]
[SourceTitle "CBM 143 Extra"]
[Source "ChessBase"]
[SourceDate "2011.08.29"]
[SourceVersion "1"]
[SourceVersionDate "2011.08.29"]
[SourceQuality "1"]

1. d4 f5 2. e4 d6 3. Nc3 e6 4. Nf3 fxe4 5. Nxe4 Nf6 6. Nxf6+ Qxf6 7. Bg5 Qf7 8. Bd3 Nc6 9. c3 Be7 10. h4 Bd7 11. Qc2 g6 12. 0-0-0 0-0-0 13. Rde1 e5 14. Bxe7 Qxe7 15. Kb1 Rhf8 16. d5 Nb8 17. Ng5 h6 18. Ne4 Bf5 19. f3 Nd7 20. g4 Bxe4 21. Bxe4 Nc5 22. Bxg6 Rxf3 23. Bf5+ Kb8 24. b4 Nd7 25. Kb2 Qg7 26. Rhf1 Rxf1 27. Rxf1 Nf6 28. Qg2 Nh5 29. Qf3 Nf4 30. Rg1 Rf8 31. Qe4 Qf6 32. g5 Qxf5 33. Qxf5 Rxf5 34. gxh6 c5 35. h7 Rh5 36. Rg8+ Kc7 37. h8Q Rxh8 38. Rxh8 cxb4 39. cxb4 Nxd5 40. a3 e4 41. Re8 1-0

[Event "Poznan op 21th"]
[Site "Poznan"]
[Date "2011.08.08"]
[Round "3"]
[White "Musialkiewicz, Jan"]
[Black "Gajdamowicz, Patrick"]
[Result "1-0"]
[WhiteElo "2150"]
[BlackElo "1903"]
[PlyCount "85"]
[EventDate "2011.08.06"]
[EventType "swiss"]
[EventRounds "9"]
[EventCountry "POL"]
[SourceTitle "CBM 143 Extra"]
[Source "ChessBase"]
[SourceDate "2011.08.29"]
[SourceVersion "1"]
[SourceVersionDate "2011.08.29"]
[SourceQuality "1"]

1. d4 Nf6 2. Nf3 g6 3. c4 Bg7 4. Nc3 0-0 5. g3 c6 6. Bg2 d5 7. Qb3 Qb6 8. Qxb6 axb6 9. cxd5 cxd5 10. Bg5 e6 11. e3 Nc6 12. 0-0 Bd7 13. Rfc1 Na5 14. Ne5 Be8 15. b4 Nc6 16. Nd3 Bd7 17. b5 Na5 18. Ne5 Be8 19. Bf1 h6 20. Bxf6 Bxf6 21. Ng4 Bg7 22. Na4 Nc4 23. Bxc4 Rxa4 24. Be2 f5 25. Ne5 Bxe5 26. dxe5 Rf7 27. Rc8 Re7 28. Rd8 Re4 29. Bf3 Ra4 30. Bd1 Ra5 31. a4 Kf7 32. Rc1 Bd7 33. Kg2 Ra7 34. Bb3 Ra5 35. Rb8 Ra7 36. Rc7 Be8 37. Rcc8 Ra5 38. Rd8 Ra7 39. h3 Ra5 40. h4 Ra7 41. h5 g5 42. g4 fxg4 43. Bc2 1-0

[Event "Wroclaw op-A 6th"]
[Site "Wroclaw"]
[Date "2011.07.06"]
[Round "4"]
[White "Gajdamowicz, Patrick"]
[Black "Dudys, Jakub"]
[Result "1-0"]
[WhiteElo "1903"]
[BlackElo "2195"]
[PlyCount "59"]
[EventDate "2011.07.04"]
[EventType "swiss"]
[EventRounds "9"]
[EventCountry "POL"]
[SourceTitle "CBM 143 Extra"]
[Source "ChessBase"]
[SourceDate "2011.08.29"]
[SourceVersion "1"]
[SourceVersionDate "2011.08.29"]
[SourceQuality "1"]

1. d4 Nf6 2. c4 e6 3. Nc3 Bb4 4. e3 0-0 5. a3 Bxc3+ 6. bxc3 b6 7. Bd3 Bb7 8. f3 d5 9. cxd5 exd5 10. Ne2 Re8 11. Ng3 Nc6 12. 0-0 Na5 13. Ra2 Bc6 14. Re2 Qd7 15. e4 Ba4 16. Qe1 Bb5 17. Bxb5 Qxb5 18. e5 Nd7 19. f4 c5 20. Nf5 Qd3 21. Nd6 Rf8 22. Re3 Qb1 23. f5 cxd4 24. Rh3 Rfe8 25. Nxe8 Rxe8 26. Qh4 Nf8 27. Rg3 dxc3 28. Bh6 c2 29. Rxg7+ Kh8 30. Rxf7 1-0

[Event "World School-ch U15 7th"]
[Site "Krakow"]
[Date "2011.05.06"]
[Round "6"]
[White "Gajdamowicz, Patrick"]
[Black "Izzat, Kanan Azar"]
[Result "0-1"]
[WhiteElo "1782"]
[BlackElo "2181"]
[PlyCount "43"]
[EventDate "2011.04.30"]
[EventType "swiss"]
[EventRounds "9"]
[EventCountry "POL"]
[SourceTitle "CBM 142 Extra"]
[Source "ChessBase"]
[SourceDate "2011.06.27"]
[SourceVersion "1"]
[SourceVersionDate "2011.06.27"]
[SourceQuality "1"]

1. d4 Nf6 2. c4 g6 3. Nc3 d5 4. cxd5 Nxd5 5. e4 Nxc3 6. bxc3 c5 7. Rb1 Nc6 8. d5 Na5 9. Bb5+ Bd7 10. Bxd7+ Kxd7 11. e5 Kc8 12. f3 Nc6 13. Kf2 Nd4 14. Ke1 b5 15. Kd2 a5 16. f4 a4 17. a3 b4 18. axb4 Nb5 19. Kc2 cxb4 20. Rb2 f5 21. Kb1 b3 22. h4 0-1

[Event "Podlaskie-ch U15 17th"]
[Site "Suwalki"]
[Date "2011.04.19"]
[Round "8"]
[White "Gajdamowicz, Patrick"]
[Black "Kulas, Szymon"]
[Result "1/2-1/2"]
[WhiteElo "1782"]
[BlackElo "1966"]
[PlyCount "41"]
[EventDate "2011.04.14"]
[EventType "swiss"]
[EventRounds "10"]
[EventCountry "POL"]
[SourceTitle "EXT 2012"]
[Source "ChessBase"]
[SourceDate "2011.11.24"]
[SourceVersion "1"]
[SourceVersionDate "2011.11.24"]
[SourceQuality "1"]

1. Nc3 c5 2. Nf3 d5 3. e4 d4 4. Ne2 Nc6 5. Ng3 h5 6. h4 Bg4 7. Bb5 a6 8. Bxc6+ bxc6 9. d3 g6 10. Bd2 Bg7 11. Qc1 e5 12. c3 Qb6 13. c4 Ne7 14. Nh2 Be6 15. f4 exf4 16. Bxf4 Qb4+ 17. Bd2 Qb8 18. Bf4 Qb4+ 19. Bd2 Qb8 20. Bf4 Qb4+ 21. Bd2 1/2-1/2

[Event "Karpacz op-A 4th"]
[Site "Karpacz"]
[Date "2011.02.24"]
[Round "5"]
[White "Goluch, Piotr"]
[Black "Gajdamowicz, Patrick"]
[Result "1-0"]
[WhiteElo "2139"]
[BlackElo "1661"]
[PlyCount "87"]
[EventDate "2011.02.21"]
[EventType "swiss"]
[EventRounds "9"]
[EventCountry "POL"]
[SourceTitle "CBM 141 Extra"]
[Source "ChessBase"]
[SourceDate "2011.05.03"]
[SourceVersion "1"]
[SourceVersionDate "2011.05.03"]
[SourceQuality "1"]

1. Nf3 Nf6 2. g3 d5 3. Bg2 Bf5 4. 0-0 e6 5. c4 c6 6. b3 Bd6 7. Bb2 Nbd7 8. d3 Qc7 9. Nbd2 0-0 10. Re1 Bg6 11. e4 dxe4 12. dxe4 e5 13. Qc2 Rfe8 14. h3 Bc5 15. Nh4 Qb6 16. Nf1 Nh5 17. Re2 Nf8 18. a3 a5 19. Bc3 Bd4 20. Bxd4 exd4 21. c5 Qb5 22. a4 Qb4 23. Rc1 Nf6 24. Nxg6 Nxg6 25. f4 Rad8 26. Qd3 b5 27. cxb6 Qxb6 28. Rec2 Ne7 29. Nd2 Nd7 30. e5 Nb8 31. Nc4 Qa6 32. Be4 Nd5 33. Bxh7+ Kf8 34. Qxd4 Re7 35. f5 Rdd7 36. f6 Nxf6 37. Qh4 Nxh7 38. Qxh7 Qa7+ 39. Rf2 Re6 40. Qh8+ Ke7 41. Qxg7 Kd8 42. Nd6 Rdxd6 43. exd6 Nd7 44. Qh8+ 1-0

[Event "Novy Bor op"]
[Site "Novy Bor"]
[Date "2011.02.17"]
[Round "7"]
[White "Gajdamowicz, Patrick"]
[Black "Paldus, Petr"]
[Result "1/2-1/2"]
[WhiteElo "1661"]
[BlackElo "2078"]
[PlyCount "88"]
[EventDate "2011.02.12"]
[EventType "swiss"]
[EventRounds "9"]
[EventCountry "CZE"]
[SourceTitle "CBM 140 Extra"]
[Source "ChessBase"]
[SourceDate "2011.03.01"]
[SourceVersion "1"]
[SourceVersionDate "2011.03.01"]
[SourceQuality "1"]

1. d4 d6 2. e4 e5 3. Nf3 Nc6 4. Nc3 Bg4 5. Bb5 Bxf3 6. gxf3 exd4 7. Qxd4 Qd7 8. Bxc6 Qxc6 9. Bg5 f6 10. Be3 g6 11. 0-0-0 Bg7 12. Nd5 Kf7 13. h4 f5 14. Qd3 fxe4 15. fxe4 Nf6 16. Nxf6 Bxf6 17. h5 Rae8 18. f3 a6 19. Bd4 Bxd4 20. Qxd4 g5 21. h6 Rhg8 22. Rdf1 b6 23. f4 g4 24. e5 g3 25. Rhg1 g2 26. Rf2 Re6 27. Qd2 Rxh6 28. Rfxg2 Rxg2 29. Qxg2 Qxg2 30. Rxg2 dxe5 31. fxe5 Ke6 32. Rg7 c5 33. Kd2 Kxe5 34. Kd3 b5 35. b3 Rh3+ 36. Kd2 Rh6 37. Rf7 Rd6+ 38. Kc3 h6 39. a4 Rb6 40. Rf8 Rf6 41. Re8+ Kf4 42. Rc8 Rf5 43. Rc6 bxa4 44. Rxh6 axb3 1/2-1/2

[Event "Novy Bor op"]
[Site "Novy Bor"]
[Date "2011.02.16"]
[Round "6"]
[White "Iwanow, Anna"]
[Black "Gajdamowicz, Patrick"]
[Result "1-0"]
[WhiteElo "2097"]
[BlackElo "1661"]
[PlyCount "55"]
[EventDate "2011.02.12"]
[EventType "swiss"]
[EventRounds "9"]
[EventCountry "CZE"]
[SourceTitle "CBM 140 Extra"]
[Source "ChessBase"]
[SourceDate "2011.03.01"]
[SourceVersion "1"]
[SourceVersionDate "2011.03.01"]
[SourceQuality "1"]

1. e4 c5 2. Nf3 d6 3. d4 cxd4 4. Nxd4 Nf6 5. Nc3 g6 6. Be3 Bg7 7. f3 0-0 8. Qd2 Nc6 9. 0-0-0 d5 10. Nxc6 bxc6 11. exd5 Nxd5 12. Bd4 Nxc3 13. Qxc3 Bh6+ 14. Be3 Bxe3+ 15. Qxe3 Qb6 16. Qxe7 Be6 17. Qa3 Rab8 18. h4 Qf2 19. h5 Rfd8 20. Bd3 Rd7 21. Qc3 Rdb7 22. b3 Bd5 23. hxg6 fxg6 24. Qe5 Rf8 25. Bxg6 Rg7 26. Bd3 a5 27. Rh2 a4 28. Rdh1 1-0

[Event "Novy Bor op"]
[Site "Novy Bor"]
[Date "2011.02.15"]
[Round "4"]
[White "Gajdamowicz, Patrick"]
[Black "Mojzis, Martin"]
[Result "1/2-1/2"]
[WhiteElo "1661"]
[BlackElo "2020"]
[PlyCount "139"]
[EventDate "2011.02.12"]
[EventType "swiss"]
[EventRounds "9"]
[EventCountry "CZE"]
[SourceTitle "CBM 140 Extra"]
[Source "ChessBase"]
[SourceDate "2011.03.01"]
[SourceVersion "1"]
[SourceVersionDate "2011.03.01"]
[SourceQuality "1"]

1. d4 d5 2. c4 e6 3. Nc3 c5 4. cxd5 exd5 5. Nf3 Nc6 6. g3 Nf6 7. Bg2 Be7 8. 0-0 0-0 9. Bg5 Re8 10. Rc1 cxd4 11. Nxd4 Nxd4 12. Qxd4 Be6 13. Nb5 b6 14. b4 Ne4 15. Bxe7 Rxe7 16. Nc3 Nf6 17. Rfd1 Rd7 18. e3 Rc8 19. Bf1 Bg4 20. Be2 Rxc3 21. Bxg4 Rxc1 22. Rxc1 Rc7 23. Rd1 Qe7 24. Bf3 Rc4 25. Qd2 Qxb4 26. Qxb4 Rxb4 27. Bxd5 Nxd5 28. Rxd5 g6 29. Rd2 Kg7 30. Kg2 Kf6 31. Kf3 Ra4 32. h4 h5 33. e4 b5 34. Kf4 a5 35. f3 Rb4 36. g4 hxg4 37. fxg4 a4 38. Rc2 Rb1 39. Rc6+ Kg7 40. Rb6 b4 41. Ke5 b3 42. axb3 axb3 43. Kd4 b2 44. Kc3 Re1 45. Rxb2 Rxe4 46. Rg2 Re3+ 47. Kd4 Rh3 48. h5 Rh4 49. hxg6 Kxg6 50. Ke3 Kg5 51. Kf3 Rh1 52. Ra2 Rh3+ 53. Kg2 Rb3 54. Ra4 f6 55. Kh2 Kh4 56. g5+ Kxg5 57. Kg2 f5 58. Kf2 f4 59. Ra8 Rb5 60. Rg8+ Kf5 61. Rf8+ Ke5 62. Re8+ Kd6 63. Kf3 Rf5 64. Re1 Kd5 65. Re8 Kd4 66. Re7 Kd3 67. Rd7+ Kc2 68. Rd4 Kc3 69. Rxf4 Rxf4+ 70. Kxf4 1/2-1/2

[Event "POL-chT U19 42nd"]
[Site "Ustron"]
[Date "2011.??.??"]
[Round "3.22"]
[White "Erdmann, Krzysztof"]
[Black "Gajdamowicz, Patrick"]
[Result "1-0"]
[WhiteElo "1597"]
[BlackElo "1869"]
[PlyCount "107"]
[EventDate "2011.06.24"]
[EventType "team-tourn"]
[EventRounds "9"]
[EventCountry "POL"]
[SourceTitle "EXT 2015"]
[Source "ChessBase"]
[SourceDate "2014.11.20"]
[SourceVersion "1"]
[SourceVersionDate "2014.11.20"]
[SourceQuality "1"]
[WhiteTeam "Jaworzno JKSz MCKiS U19"]
[BlackTeam "Wroclaw MUKS MDK Srodmiescie U19"]
[WhiteTeamCountry "POL"]
[BlackTeamCountry "POL"]

1. e4 e6 2. d4 d5 3. exd5 exd5 4. Nf3 Bd6 5. c4 dxc4 6. Bxc4 Nf6 7. 0-0 0-0 8. Nc3 Bg4 9. Be3 Nbd7 10. h3 Bh5 11. Rc1 Nb6 12. Be2 Nfd5 13. Bg5 f6 14. Nxd5 Nxd5 15. Bc4 Bf7 16. Bd2 c6 17. Nh4 Qd7 18. Re1 Rfe8 19. Qc2 Be6 20. Bd3 g6 21. a3 Rad8 22. Ba5 Rc8 23. Bc4 Re7 24. Bxd5 Bxd5 25. Rxe7 Qxe7 26. Re1 Qf7 27. Qd2 Re8 28. Bb4 Bxb4 29. Qxb4 Rxe1+ 30. Qxe1 Qd7 31. Qe3 g5 32. Qg3 Kf7 33. Nf3 Bxf3 34. gxf3 Ke7 35. h4 Qxd4 36. hxg5 fxg5 37. Qxg5+ Qf6 38. Qc5+ Kf7 39. Qc4+ Kg7 40. Qg4+ Qg6 41. Kg2 h5 42. Qg3 h4 43. Qg4 c5 44. Kh3 Kh6 45. Qxh4+ Qh5 46. Qxh5+ Kxh5 47. Kg3 Kg5 48. f4+ Kf5 49. Kf3 b5 50. Ke3 a6 51. b3 a5 52. a4 c4 53. axb5 cxb3 54. Kd2 1-0

[Event "POL-chT U19 42nd"]
[Site "Ustron"]
[Date "2011.??.??"]
[Round "2.10"]
[White "Gajdamowicz, Patrick"]
[Black "Koziol, Kamil"]
[Result "1-0"]
[WhiteElo "1869"]
[BlackElo "1768"]
[PlyCount "79"]
[EventDate "2011.06.24"]
[EventType "team-tourn"]
[EventRounds "9"]
[EventCountry "POL"]
[SourceTitle "EXT 2015"]
[Source "ChessBase"]
[SourceDate "2014.11.20"]
[SourceVersion "1"]
[SourceVersionDate "2014.11.20"]
[SourceQuality "1"]
[WhiteTeam "Wroclaw MUKS MDK Srodmiescie U19"]
[BlackTeam "Rybnik MKSz U19"]
[WhiteTeamCountry "POL"]
[BlackTeamCountry "POL"]

1. d4 d5 2. c4 e6 3. Nc3 c5 4. cxd5 cxd4 5. Qa4+ Bd7 6. Qxd4 exd5 7. Qxd5 Nc6 8. Bg5 Nge7 9. Qd2 f6 10. Bf4 Ng6 11. Rd1 Nxf4 12. Qxf4 Bb4 13. Qe4+ Kf7 14. e3 Bxc3+ 15. bxc3 Qe7 16. Bc4+ Be6 17. Qxe6+ Qxe6 18. Rd7+ Ne7 19. Bxe6+ Kxe6 20. Rxb7 Rab8 21. Rb3 Kd5 22. Kd2 Nc6 23. Ne2 Na5 24. Rb4 Nc4+ 25. Kd3 Ne5+ 26. Kd2 Nc4+ 27. Kc2 g5 28. Nd4 a5 29. e4+ Kc5 30. Nb3+ Kd6 31. Rxc4 Ra8 32. Rd1+ Ke5 33. Ra4 h5 34. Rd5+ Kf4 35. Rf5+ Kg4 36. f3+ Kh4 37. e5+ g4 38. Nc1 fxe5 39. Nd3 e4 40. Nf2 1-0

[Event "POL-chT U19 42nd"]
[Site "Ustron"]
[Date "2011.??.??"]
[Round "8.28"]
[White "Gajdamowicz, Patrick"]
[Black "Mirski, Michal"]
[Result "1/2-1/2"]
[WhiteElo "1869"]
[BlackElo "1787"]
[PlyCount "101"]
[EventDate "2011.06.24"]
[EventType "team-tourn"]
[EventRounds "9"]
[EventCountry "POL"]
[SourceTitle "EXT 2015"]
[Source "ChessBase"]
[SourceDate "2014.11.20"]
[SourceVersion "1"]
[SourceVersionDate "2014.11.20"]
[SourceQuality "1"]
[WhiteTeam "Wroclaw MUKS MDK Srodmiescie U19"]
[BlackTeam "Trzebinia UKS Hetman Koronny U19"]
[WhiteTeamCountry "POL"]
[BlackTeamCountry "POL"]

1. Nf3 c5 2. c4 Nc6 3. Nc3 g6 4. g3 Bg7 5. Bg2 d6 6. 0-0 e5 7. d3 h6 8. a3 Be6 9. Rb1 Qd7 10. b4 Rc8 11. bxc5 dxc5 12. Nd2 b6 13. Qa4 Nge7 14. Qb5 0-0 15. a4 Bh3 16. Nb3 Bxg2 17. Kxg2 Qe6 18. a5 Nd4 19. Nxd4 exd4 20. Na4 Rc6 21. axb6 axb6 22. Rb2 Kh7 23. Qa6 Be5 24. Rxb6 Rfc8 25. Rxc6 Rxc6 26. Qb5 Bd6 27. Re1 Qc8 28. e4 f6 29. Nb6 Qe6 30. Nd5 Rc8 31. Nxe7 Qxe7 32. Bf4 Rb8 33. Qc6 Bxf4 34. gxf4 g5 35. fxg5 hxg5 36. Qd5 Rb3 37. Qf5+ Kg7 38. e5 Qb7+ 39. Kh3 Qf7 40. Kg4 Rb6 41. e6 Qb7 42. Qd5 Qc7 43. Qd7+ Qxd7 44. exd7 Rd6 45. Re7+ Kg6 46. d8Q Rxd8 47. Rc7 Ra8 48. Rxc5 Ra3 49. Rd5 Rxd3 50. h4 gxh4 51. Kxh4 1/2-1/2

[Event "POL-chT U19 42nd"]
[Site "Ustron"]
[Date "2011.??.??"]
[Round "1.28"]
[White "Osinski, Kamil"]
[Black "Gajdamowicz, Patrick"]
[Result "1-0"]
[WhiteElo "1708"]
[BlackElo "1869"]
[PlyCount "61"]
[EventDate "2011.06.24"]
[EventType "team-tourn"]
[EventRounds "9"]
[EventCountry "POL"]
[SourceTitle "EXT 2015"]
[Source "ChessBase"]
[SourceDate "2014.11.20"]
[SourceVersion "1"]
[SourceVersionDate "2014.11.20"]
[SourceQuality "1"]
[WhiteTeam "Skierniewice KS Piatka U19"]
[BlackTeam "Wroclaw MUKS MDK Srodmiescie U19"]
[WhiteTeamCountry "POL"]
[BlackTeamCountry "POL"]

1. e4 e6 2. d4 d5 3. Nd2 a6 4. Bd3 c5 5. dxc5 Bxc5 6. Ngf3 Nc6 7. 0-0 Nf6 8. Qe2 0-0 9. e5 Nd7 10. Nb3 Be7 11. c3 Qc7 12. Re1 h6 13. Bf4 Nc5 14. Nxc5 Bxc5 15. Qd2 Qe7 16. Bc2 f5 17. exf6 Qxf6 18. Bg3 Rf7 19. Qd3 g5 20. h3 Bd7 21. Re2 Raf8 22. Rf1 Ba7 23. Ne5 Rg7 24. Nxc6 Bxc6 25. Be5 Bb5 26. Qg3 Qe7 27. Bxg7 Kxg7 28. Bd3 Bb8 29. Qe3 Qd6 30. g3 Ba7 31. Qxa7 1-0

[Event "Wroclaw Oct op"]
[Site "Wroclaw"]
[Date "2010.??.??"]
[Round "3"]
[White "Zielinski, Andrzej"]
[Black "Gajdamowicz, Patrick"]
[Result "1-0"]
[WhiteElo "1850"]
[BlackElo "1626"]
[PlyCount "82"]
[EventDate "2010.10.22"]
[EventType "swiss"]
[EventRounds "5"]
[EventCountry "POL"]
[SourceTitle "EXT 2011"]
[Source "ChessBase"]
[SourceDate "2010.11.26"]
[SourceVersion "1"]
[SourceVersionDate "2010.11.26"]
[SourceQuality "1"]

1. d4 d5 2. c4 e6 3. Nc3 c5 4. e3 Nf6 5. Nf3 Nc6 6. a3 Bd6 7. cxd5 exd5 8. dxc5 Bxc5 9. b4 Bd6 10. Nb5 Be7 11. Bb2 0-0 12. Be2 Bg4 13. 0-0 Qb6 14. Nbd4 Rfd8 15. h3 Bxf3 16. Bxf3 Nxd4 17. Bxd4 Qe6 18. Rc1 Ne4 19. Qd3 b6 20. Bg4 f5 21. Bd1 Bf6 22. Bb3 Qd7 23. f3 Ng3 24. Bxf6 gxf6 25. Rfe1 Kg7 26. Qd4 Rac8 27. Rxc8 Rxc8 28. Qh4 Qd6 29. Kf2 Rc3 30. Bd1 d4 31. Qxg3+ Qxg3+ 32. Kxg3 d3 33. a4 Rc1 34. b5 h5 35. Kf4 d2 36. Rf1 Rc3 37. Rf2 Rd3 38. Kxf5 Kf7 39. Ke4 Rd6 40. f4 Ke6 41. f5+ Ke7 1-0